000 00380nam a22001697a 4500
003 OSt
008 231230b |||||||| |||| 00| 0 eng d
020 _a9788176567527
082 _a004 SIC
100 _aSINHA,Pradeep K
245 _aComputer Fundamentals
250 _a8th Ed
260 _aNew Delhi
_bBPB
_c2023
300 _a508
700 _aSINHA,Priti
942 _2ddc
_cBK
999 _c12144
_d12144